| 000 | 01138nam a22002057a 4500 | ||
|---|---|---|---|
| 999 |
_c62014 _d62014 |
||
| 003 | Ge_BSU | ||
| 005 | 20240624105738.0 | ||
| 008 | 240624s1982 ge ||||| |||| 00| 0 geo d | ||
| 041 | _ageo | ||
| 080 | _a613.95(075.8) შ-19 | ||
| 100 |
_aშალამბერიძე, ო. _91328 |
||
| 245 |
_aბავშვთა და მოზარდთა ჰიგიენა : _b[სახელმძღვ. სამედ. ინ-ტის სანიტარია-ჰიგიენის ფაკ-ტის სტუდენტებისათვის]. _cო. შალამბერიძე., ი. შენგელია; რედ. თ. გოგოლაშვილი. |
||
| 264 |
_aთბ. : _bგანათლება, _c1982. |
||
| 300 |
_a443გვ. : _bილ. ; _c22სმ. |
||
| 653 | _aბავშვთა ჰიგიენა | ||
| 653 | _aმოზარდთა ჰიგიენა | ||
| 700 |
_aგოგოლაშვილი, თ. _eრედაქტორი _922539 |
||
| 700 |
_aშენგელია, ი. _eრედაქტორი _922540 |
||
| 942 |
_2udc _cᲬᲘᲒᲜᲘ |
||